Statistics for Guess the song lyrics

Click here to take the quiz!

General Stats

  • This quiz has been taken 164 times
  • The average score is 122 of 281

Answer Stats

Lyric% Correct
I
95%
A
94%
The
92%
You
87%
And
77%
Me
74%
Who
71%
To
70%
Are
64%
My
61%
She
57%
That
54%
Of
53%
For
49%
Like
49%
Time
49%
Were
47%
All
46%
Girl
43%
Don’t
41%
If
41%
Just
41%
From
40%
Know
36%
Said
36%
Every
35%
Than
34%
Life
32%
Never
31%
Got
30%
More
30%
Out
30%
Come
27%
Things
27%
Think
27%
Dream
26%
I’d
24%
Oh
24%
Because
21%
Days
21%
Find
20%
Yeah
20%
Hand
18%
Someone
18%
Nights
17%
Right
17%
League
16%
Cause
15%
Somebody
15%
Die
14%
Believe
13%
Waited
13%
Ones
11%
Takes
11%
Kind
9%
Save
9%
Wake
9%
Become
8%
Myself
8%
Else
7%
Heartbeat
7%
Racing
7%
Forty
6%
Mistakes
6%
Pinch
6%
Fact
4%
Simple
4%
Wonders
4%
Remain
3%

Score Distribution

Percentile by Number Answered

Percent of People with Each Score

Your Score History

You have not taken this quiz